| 000 | 00476cam a22001457a 4500 | ||
|---|---|---|---|
| 008 | 180718b2013 xxu||||| |||| 00| 0 eng d | ||
| 020 | _a9788131606193 | ||
| 082 | _aK12x54 Sh23 | ||
| 100 | _aSharma, P.D. | ||
| 245 |
_aEthics, integrity and aptitude : foundational values for civil service in India _cby P.D. Sharma |
||
| 260 |
_aJaipur _bRawat _c2013 |
||
| 300 | _a276p. | ||
| 650 | _aIndia -- Officials and employees -- History | ||
| 650 | _aCivil service -- India -- History | ||
| 999 |
_c443659 _d443659 |
||